[Event "Sibiria Region-ch"]
[Site "Irkutsk"]
[Date "2009.05.14"]
[Round "7"]
[White "Krasnopeev, Petr"]
[Black "Shalygin, Nikolay"]
[Result "0-1"]
[WhiteElo "2151"]
[BlackElo "1921"]
[PlyCount "64"]
[EventDate "2009.05.10"]
[EventType "swiss"]
[EventRounds "9"]
[EventCountry "RUS"]
[SourceTitle "CBM 130 Extra"]
[Source "ChessBase"]
[SourceDate "2009.07.02"]
[SourceVersion "2"]
[SourceVersionDate "2009.07.15"]
[SourceQuality "1"]

1. d4 Nf6 2. Bg5 Ne4 3. Bh4 g5 4. f3 c5 5. fxe4 gxh4 6. c3 Bg7 7. e3 Qb6 8. Qb3 Qh6 9. Kf2 Nc6 10. Nf3 d6 11. Nbd2 0-0 12. Bd3 a6 13. Qd5 cxd4 14. exd4 e5 15. Qc4 exd4 16. cxd4 Nxd4 17. Rab1 Be6 18. Qa4 b5 19. Qa3 Bg4 20. Rbd1 Qf4 21. g3 hxg3+ 22. hxg3 Qf6 23. Bf1 Rfe8 24. Qe3 d5 25. e5 Nxf3 26. exf6 Rxe3 27. fxg7 Rae8 28. Nb3 Nh2 29. Rxd5 Nxf1 30. Kxf1 Rf3+ 31. Kg1 Rxg3+ 32. Kf1 Rh3 0-1

[Event "Sibiria Region-ch"]
[Site "Irkutsk"]
[Date "2009.05.11"]
[Round "3"]
[White "Lykov, Vasili"]
[Black "Shalygin, Nikolay"]
[Result "0-1"]
[WhiteElo "2141"]
[BlackElo "1921"]
[PlyCount "96"]
[EventDate "2009.05.10"]
[EventType "swiss"]
[EventRounds "9"]
[EventCountry "RUS"]
[SourceTitle "CBM 130 Extra"]
[Source "ChessBase"]
[SourceDate "2009.07.02"]
[SourceVersion "2"]
[SourceVersionDate "2009.07.15"]
[SourceQuality "1"]

1. e4 Nf6 2. e5 Nd5 3. c4 Nb6 4. c5 Nd5 5. Nc3 e6 6. d4 Nxc3 7. bxc3 d6 8. cxd6 cxd6 9. exd6 Bxd6 10. Nf3 0-0 11. Bd3 Nd7 12. 0-0 Nf6 13. Bg5 Be7 14. Qe2 Nd5 15. Bxe7 Qxe7 16. Qd2 Rd8 17. a3 Bd7 18. Rfe1 Qd6 19. Ng5 Nf6 20. Ne4 Nxe4 21. Rxe4 Bc6 22. Rh4 f5 23. Qg5 Rf8 24. f4 Rf6 25. Bf1 Qd5 26. Qg3 Rg6 27. Qf2 Rd8 28. Rh3 b5 29. Re3 a6 30. h3 Qd6 31. g3 h5 32. h4 Rc8 33. Be2 Rh6 34. Bf3 Kf7 35. Qe2 Bxf3 36. Qxf3 Rhh8 37. a4 b4 38. cxb4 Qxd4 39. Rd1 Qb6 40. Kh1 g6 41. Rd7+ Kf6 42. Rb7 Qd4 43. Re2 Rc1+ 44. Kh2 Rhc8 45. Qg2 Rd1 46. a5 Rcc1 47. Rb6 Rh1+ 48. Qxh1 Rxh1+ 0-1

[Event "Sibiria Region-ch"]
[Site "Irkutsk"]
[Date "2009.05.10"]
[Round "1"]
[White "Ivakhinova, Inna"]
[Black "Shalygin, Nikolay"]
[Result "1-0"]
[WhiteElo "2219"]
[BlackElo "1921"]
[PlyCount "83"]
[EventDate "2009.05.10"]
[EventType "swiss"]
[EventRounds "9"]
[EventCountry "RUS"]
[SourceTitle "CBM 130 Extra"]
[Source "ChessBase"]
[SourceDate "2009.07.02"]
[SourceVersion "2"]
[SourceVersionDate "2009.07.15"]
[SourceQuality "1"]

1. e4 Nf6 2. e5 Nd5 3. d4 d6 4. c4 Nb6 5. exd6 exd6 6. Nc3 Be7 7. Bd3 Nc6 8. Nge2 0-0 9. b3 Re8 10. 0-0 Bg4 11. Be3 Bf6 12. Qd2 d5 13. c5 Nc8 14. h3 Be6 15. f4 N8e7 16. g4 Bh4 17. f5 Bc8 18. Nf4 Bg5 19. Qf2 b6 20. cxb6 axb6 21. f6 Bxf6 22. Nh5 Nb4 23. Nxf6+ gxf6 24. Qxf6 Nf5 25. Qxd8 Rxd8 26. Bxf5 Bxf5 27. gxf5 f6 28. Bf4 Rd7 29. Rfd1 c5 30. dxc5 bxc5 31. Na4 Ra5 32. Bd2 d4 33. a3 Rxa4 34. bxa4 Nd3 35. Rab1 Ra7 36. a5 Ne5 37. Kf1 Nf3 38. Rb8+ Kf7 39. Rb5 c4 40. Ke2 Ne5 41. Bf4 Nd3 42. Rxd3 1-0

[Event "Sibiria Region-ch"]
[Site "Novokuznetsk"]
[Date "2008.03.19"]
[Round "7"]
[White "Shalygin, Nikolay"]
[Black "Mokhov, Vladimir"]
[Result "0-1"]
[WhiteElo "1920"]
[BlackElo "2176"]
[PlyCount "76"]
[EventDate "2008.03.13"]
[EventType "swiss"]
[EventRounds "9"]
[EventCountry "RUS"]
[SourceTitle "CBM 123 Extra"]
[Source "ChessBase"]
[SourceDate "2008.05.06"]
[SourceVersion "1"]
[SourceVersionDate "2008.05.06"]
[SourceQuality "1"]

1. e4 c5 2. Nf3 d6 3. d4 cxd4 4. Nxd4 Nf6 5. Nc3 g6 6. Be3 Bg7 7. Qd2 Ng4 8. Bb5+ Bd7 9. Bg5 Nc6 10. Bxc6 bxc6 11. f3 Ne5 12. Nb3 Nc4 13. Qc1 Qb6 14. Nd1 h6 15. Bh4 a5 16. Bf2 c5 17. c3 Rb8 18. Nd2 Nxb2 19. 0-0 Nd3 20. Qa3 Nxf2 21. Nxf2 Qa6 22. Rab1 0-0 23. f4 Be6 24. g4 Qe2 25. Rbd1 Qa6 26. f5 Bc4 27. Rfe1 Rb7 28. Rb1 Rfb8 29. Rxb7 Rxb7 30. fxg6 fxg6 31. Nxc4 Qxc4 32. Qxa5 Kh7 33. Rc1 Rb2 34. Qd8 Qxa2 35. Rf1 Qe6 36. Rc1 Be5 37. Qe8 Bxh2+ 38. Kh1 Rxf2 0-1